Sociologie des marchés (notice n° 2198625)
[ vue normale ]
| 000 -LEADER | |
|---|---|
| fixed length control field | 00785cam a2200133 4500500 |
| 005 - DATE AND TIME OF LATEST TRANSACTION | |
| control field | 20260405085553.0 |
| 041 ## - LANGUAGE CODE | |
| Language code of text/sound track or separate title | fre |
| 042 ## - AUTHENTICATION CODE | |
| Authentication code | dc |
| 100 10 - MAIN ENTRY--PERSONAL NAME | |
| Personal name | François, Pierre |
| Relator term | author |
| 245 00 - TITLE STATEMENT | |
| Title | Sociologie des marchés |
| 260 ## - PUBLICATION, DISTRIBUTION, ETC. | |
| Name of publisher, distributor, etc. | Armand Colin,<br/> |
| Date of publication, distribution, etc. | 2008.<br/> |
| 520 ## - SUMMARY, ETC. | |
| Summary, etc. | La sociologie a multiplié les travaux détaillant le fonctionnement des marchés concrets, mais elle ne propose pas de réflexion théorique systématique sur la notion de marché : qu'est-ce qu'un marché ? Cet ouvrage présente les marchés dans leur diversité (financier, travail, santé...) et légitime la notion de marché comme clé de toute introduction à la sociologie économique. |
| 856 41 - ELECTRONIC LOCATION AND ACCESS | |
| Uniform Resource Identifier | <a href="https://shs.cairn.info/sociologie-des-marches--9782200345686?lang=fr&redirect-ssocas=7080">https://shs.cairn.info/sociologie-des-marches--9782200345686?lang=fr&redirect-ssocas=7080</a> |
Pas d'exemplaire disponible.




Réseaux sociaux